000 00753nam a2200265 i 4500
001 bg
100 1 _aOPARA, Józef
245 1 0 _aSkale udarów /
_cJózef Opara.
260 _aOpole :
_bPO. Oficyna Wydawnicza,
_c1999.
300 _a90 s. :
_berr. ;
_c24 cm.
490 1 _aStudia i Monografie / Politechnika Opolska,
_x1429-6063 ;
_vz. 112
500 _aStreszcz. ang.
504 _aBibliogr.
650 9 _aInwalidztwo
_xbadanie
650 9 _aUdar mózgu
_xzagadnienia
655 _aPoradniki
830 0 _aStudia i Monografie (Politechnika Opolska) ;
_vz. 112
020 _a8391182452
040 _cBPK
041 0 _apl
_ben
080 _a616.83-005
920 _a83-911824-5-2
942 _cKS
008 s pl f |000 0 pol
999 _c38790
_d38790
856 _uhttp://koha.tu.koszalin.pl/cgi-bin/koha/opac-detail.pl?biblionumber=38790
_yKatalog online BPK